Phát triển năng lực đọc hiểu tác phẩm văn chương theo đặc trưng thi pháp thể loại bằng biện pháp câu hỏi trong dạy học Ngữ văn 10 (Ban cơ bản) : Luận văn Thạc sĩ Khoa học Giáo dục. Chuyên ngành Lý luận và Phương pháp dạy học bộ môn Văn và Tiếng Việt

Phát triển năng lực đọc hiểu tác phẩm văn chương theo đặc trưng thi pháp thể loại bằng biện pháp câu hỏi, từ đó rút ra bài học có tính chất phương pháp luận cho mình và đồng thời có phương pháp tiếp cận tác phẩm hiệu quả hơn phù hợp...

Szczegółowa specyfikacja

Zapisane w:
Opis bibliograficzny
1. autor: Âu, Tú Nga
Format: Książka
Język:Undetermined
Wydane: Cần Thơ Trường Đại học Cần Thơ 2018
Hasła przedmiotowe:
Etykiety: Dodaj etykietę
Nie ma etykietki, Dołącz pierwszą etykiete!
Thư viện lưu trữ: Trung tâm Học liệu Trường Đại học Cần Thơ
LEADER 01529nam a2200229Ia 4500
001 CTU_228176
008 210402s9999 xx 000 0 und d
082 |a 495.9220712 
082 |b Ng100 
088 |a 8140111 
100 |a Âu, Tú Nga 
245 0 |a Phát triển năng lực đọc hiểu tác phẩm văn chương theo đặc trưng thi pháp thể loại bằng biện pháp câu hỏi trong dạy học Ngữ văn 10 (Ban cơ bản) : 
245 0 |b Luận văn Thạc sĩ Khoa học Giáo dục. Chuyên ngành Lý luận và Phương pháp dạy học bộ môn Văn và Tiếng Việt 
245 0 |c Âu Tú Nga ; Nguyễn Hoa Bằng (Hướng dẫn khoa học) 
260 |a Cần Thơ 
260 |b Trường Đại học Cần Thơ 
260 |c 2018 
520 |a Phát triển năng lực đọc hiểu tác phẩm văn chương theo đặc trưng thi pháp thể loại bằng biện pháp câu hỏi, từ đó rút ra bài học có tính chất phương pháp luận cho mình và đồng thời có phương pháp tiếp cận tác phẩm hiệu quả hơn phù hợp cuộc vận động đổi mới phương pháp giảng dạy trong nhà trường. 
650 |a Philology,Ngữ văn 
650 |x Study and teaching (Secondary),Dạy và học (Trung học) 
910 |b nthai 
980 |a Trung tâm Học liệu Trường Đại học Cần Thơ